[Event "IECC CL4-2019.01 email"]
[Site "IECC email"]
[Date "2019.04.14"]
[Round "?"]
[White "Balmelle, Jean Luc"]
[Black "Keiper, Archie"]
[Result "0-1"]
[WhiteElo "1614"]
[BlackElo "1741"]
[PlyCount "74"]
[EventDate "2019.??.??"]
[EventType "tourn (corr)"]
[EventRounds "4"]
[SourceTitle "Corr 2024"]
[Source "ChessBase"]
[SourceDate "2023.10.19"]
[SourceVersion "1"]
[SourceVersionDate "2023.10.19"]
[SourceQuality "1"]
[WhiteTeam "Frankreich"]
[BlackTeam "Vereinigte Staaten"]
[WhiteTeamCountry "FRA"]
[BlackTeamCountry "USA"]

1. b3 g6 2. Bb2 Nf6 3. Bxf6 exf6 4. c4 b6 5. Nc3 Bb7 6. e3 f5 7. Nf3 Bg7 8. d4 0-0 9. Be2 f4 10. 0-0 fxe3 11. fxe3 Re8 12. Qd3 Qe7 13. Nd1 c5 14. Rc1 d6 15. d5 Nd7 16. Qd2 Bh6 17. Rc3 Nf6 18. Bd3 Bxe3+ 19. Nxe3 Qxe3+ 20. Qxe3 Rxe3 21. Ng5 Kg7 22. Rc2 Bxd5 23. cxd5 Rxd3 24. Rcf2 Rxd5 25. Rxf6 Rxg5 26. Rxf7+ Kh6 27. Rd7 Rd5 28. Rff7 Kg5 29. Rxh7 Rd1+ 30. Kf2 Rf8+ 31. Ke2 Rg1 32. Rxa7 Rxg2+ 33. Ke3 d5 34. Rag7 Rf6 35. h4+ Kg4 36. Rf7 Re6+ 37. Kd3 Rge2 0-1

[Event "IECC Swiss-581.4"]
[Site "IECC email"]
[Date "2018.07.18"]
[Round "?"]
[White "Hermans, Marcel"]
[Black "Balmelle, Jean Luc"]
[Result "1-0"]
[WhiteElo "2075"]
[BlackElo "1642"]
[PlyCount "79"]
[EventDate "2018.??.??"]
[EventType "swiss (corr)"]
[EventRounds "1"]
[SourceTitle "Corr 2020"]
[Source "ChessBase"]
[SourceDate "2019.09.30"]
[SourceVersion "1"]
[SourceVersionDate "2019.09.30"]
[SourceQuality "1"]
[WhiteTeam "Netherlands"]
[BlackTeam "France"]
[WhiteTeamCountry "NED"]
[BlackTeamCountry "FRA"]

1. e4 d6 2. d4 Nf6 3. Nc3 e5 4. Nf3 Nbd7 5. Bc4 Be7 6. 0-0 0-0 7. Re1 c6 8. a4 a5 9. h3 Nb6 10. Bb3 Nfd7 11. Be3 exd4 12. Nxd4 Nc5 13. Qf3 Nxb3 14. cxb3 Nd7 15. Rad1 Ne5 16. Qe2 Bf6 17. f4 Ng6 18. Nf3 Qc7 19. Qf2 Re8 20. Nd2 Bh4 21. g3 Be7 22. f5 Ne5 23. Bb6 Qb8 24. Nc4 Nd7 25. Be3 b5 26. axb5 cxb5 27. Nb6 Nxb6 28. Bxb6 Ra6 29. Nd5 Bb7 30. Nc7 Rxb6 31. Nxe8 Ra6 32. f6 Qxe8 33. fxe7 Qxe7 34. Qf5 Rb6 35. h4 h6 36. Rc1 a4 37. b4 Rc6 38. Rxc6 Bxc6 39. Qc8+ Be8 40. Re2 1-0

[Event "IECC Swiss-580.2"]
[Site "IECC email"]
[Date "2017.05.15"]
[Round "?"]
[White "Balmelle, Jean Luc"]
[Black "Domingues, Marcos"]
[Result "0-1"]
[WhiteElo "1684"]
[BlackElo "1966"]
[PlyCount "62"]
[EventDate "2017.??.??"]
[EventType "swiss (corr)"]
[EventRounds "1"]
[SourceTitle "Corr 2020"]
[Source "ChessBase"]
[SourceDate "2019.09.30"]
[SourceVersion "1"]
[SourceVersionDate "2019.09.30"]
[SourceQuality "1"]
[WhiteTeam "France"]
[BlackTeam "Brazil"]
[WhiteTeamCountry "FRA"]
[BlackTeamCountry "BRA"]

1. d4 Nf6 2. Nc3 e6 3. Bg5 Bb4 4. Qd3 d5 5. 0-0-0 c5 6. dxc5 Nbd7 7. f3 0-0 8. e4 Bxc3 9. Qxc3 Nxe4 10. Bxd8 Nxc3 11. bxc3 Rxd8 12. Nh3 Nxc5 13. c4 d4 14. Nf2 Na4 15. Re1 b6 16. Bd3 Ba6 17. Ne4 Rac8 18. Nd2 Nc3 19. Kb2 b5 20. cxb5 Bxb5 21. Bxb5 Nxb5 22. Re5 Nc3 23. Ra5 Rd7 24. Re1 Nd5 25. a3 Rdc7 26. Rc1 Ne3 27. Kb3 Rc3+ 28. Kb4 Rb8+ 29. Rb5 Nxc2+ 30. Rxc2 Rxb5+ 31. Kxb5 Rxc2 0-1

[Event "IECC Swiss-581.1"]
[Site "IECC email"]
[Date "2017.01.30"]
[Round "?"]
[White "Balmelle, Jean Luc"]
[Black "Hutton, Andrew"]
[Result "1-0"]
[WhiteElo "1684"]
[BlackElo "1301"]
[PlyCount "105"]
[EventDate "2017.??.??"]
[EventType "swiss (corr)"]
[EventRounds "1"]
[SourceTitle "Corr 2020"]
[Source "ChessBase"]
[SourceDate "2019.09.30"]
[SourceVersion "1"]
[SourceVersionDate "2019.09.30"]
[SourceQuality "1"]
[WhiteTeam "France"]
[BlackTeam "Hong Kong"]
[WhiteTeamCountry "FRA"]
[BlackTeamCountry "HKG"]

1. d4 Nf6 2. c4 e6 3. g3 c5 4. d5 exd5 5. cxd5 b5 6. Nf3 d6 7. e4 Qa5+ 8. Bd2 Qb6 9. Nc3 a6 10. Bg2 Be7 11. 0-0 0-0 12. Re1 h6 13. Bf4 Bd7 14. e5 dxe5 15. Nxe5 Bd6 16. Qd2 b4 17. Ne4 Nxe4 18. Bxe4 Qc7 19. Rac1 a5 20. Nd3 Bxf4 21. Qxf4 Qxf4 22. Nxf4 Na6 23. d6 Rab8 24. Bd5 Kh8 25. Re7 Rbd8 26. Bxf7 Bf5 27. Rd1 Nb8 28. Be6 Nc6 29. Rd2 Rxd6 30. Rxd6 Nxe7 31. Bxf5 Rxf5 32. Rd8+ Kh7 33. Rd7 Re5 34. Nd3 Rd5 35. Rxd5 Nxd5 36. Nxc5 Kg6 37. Kf1 Kf5 38. Ke2 Nb6 39. Nd3 g6 40. f3 h5 41. Nf2 a4 42. Nd1 g5 43. Ne3+ Ke5 44. Kd3 h4 45. Nc4+ Nxc4 46. Kxc4 hxg3 47. hxg3 b3 48. axb3 axb3 49. f4+ gxf4 50. gxf4+ Kxf4 51. Kxb3 Ke5 52. Kb4 Kd6 53. Kb5 1-0

[Event "IECC TH-M-2965"]
[Site "IECC email"]
[Date "2015.04.29"]
[Round "?"]
[White "Balmelle, Jean Luc"]
[Black "Cuaycong, Virgilio"]
[Result "1-0"]
[WhiteElo "1540"]
[BlackElo "1648"]
[PlyCount "75"]
[EventDate "2015.??.??"]
[EventType "tourn (corr)"]
[SourceTitle "Corr 2020"]
[Source "ChessBase"]
[SourceDate "2019.09.30"]
[SourceVersion "1"]
[SourceVersionDate "2019.09.30"]
[SourceQuality "1"]
[WhiteTeam "France"]
[BlackTeam "Philippines"]
[WhiteTeamCountry "FRA"]
[BlackTeamCountry "PHI"]

1. f4 d5 2. Nf3 Nf6 3. e3 g6 4. Be2 Bg7 5. 0-0 0-0 6. d3 c5 7. Qe1 Nc6 8. c3 Qc7 9. Qh4 b5 10. Nbd2 c4 11. e4 dxe4 12. dxe4 Rb8 13. e5 Qb6+ 14. Kh1 Nd5 15. Ne4 Bf5 16. Ng3 Bc8 17. Ng5 h6 18. N5e4 Rd8 19. f5 g5 20. Bxg5 hxg5 21. Nxg5 Nxe5 22. Qh7+ Kf8 23. Ne6+ Bxe6 24. Nh5 Bf6 25. fxe6 Rd6 26. Rad1 Qe3 27. Bf3 fxe6 28. Bxd5 exd5 29. Qg7+ Ke8 30. Nxf6+ Rxf6 31. Qg8+ Kd7 32. Qxb8 Nd3 33. h3 Rd6 34. Qxb5+ Kc7 35. b3 Nf2+ 36. Rxf2 a6 37. Qa5+ Kc8 38. Rf8+ 1-0

[Event "IECC KO-2127"]
[Site "IECC email"]
[Date "2015.04.04"]
[Round "?"]
[White "Mathes, Christian"]
[Black "Balmelle, Jean Luc"]
[Result "1-0"]
[WhiteElo "1499"]
[BlackElo "1555"]
[PlyCount "55"]
[EventDate "2015.??.??"]
[EventType "match (corr)"]
[EventRounds "2"]
[SourceTitle "Corr 2020"]
[Source "ChessBase"]
[SourceDate "2019.09.30"]
[SourceVersion "1"]
[SourceVersionDate "2019.09.30"]
[SourceQuality "1"]
[WhiteTeam "Germany"]
[BlackTeam "France"]
[WhiteTeamCountry "GER"]
[BlackTeamCountry "FRA"]

1. Nf3 d6 2. g3 Nf6 3. c4 g6 4. Nc3 Bg7 5. Bg2 0-0 6. 0-0 e5 7. d3 Nc6 8. Rb1 a5 9. a3 Bf5 10. b4 axb4 11. axb4 Nd4 12. Nxd4 exd4 13. Nb5 Qc8 14. Nxd4 Bh3 15. Bb2 Bxg2 16. Kxg2 Ng4 17. Qb3 Re8 18. e4 Ne5 19. Ra1 Rxa1 20. Rxa1 Qd7 21. Ra7 c5 22. Nc2 Rb8 23. b5 Ng4 24. h3 Bxb2 25. Qxb2 Ne5 26. Ne3 Nxd3 27. Qc3 Nb4 28. Ng4 1-0

[Event "IECC CL5-2015.01 email"]
[Site "IECC email"]
[Date "2015.03.14"]
[Round "?"]
[White "Slavin, Pablo"]
[Black "Balmelle, Jean Luc"]
[Result "0-1"]
[WhiteElo "1558"]
[BlackElo "1537"]
[PlyCount "74"]
[EventDate "2015.??.??"]
[EventType "tourn (corr)"]
[EventRounds "4"]
[SourceTitle "Corr 2020"]
[Source "ChessBase"]
[SourceDate "2019.09.30"]
[SourceVersion "1"]
[SourceVersionDate "2019.09.30"]
[SourceQuality "1"]
[WhiteTeam "Israel"]
[BlackTeam "France"]
[WhiteTeamCountry "ISR"]
[BlackTeamCountry "FRA"]

1. e4 c5 2. Nf3 d6 3. d4 cxd4 4. Qxd4 Nc6 5. Bb5 Bd7 6. Bxc6 Bxc6 7. Nc3 Nf6 8. Bg5 e6 9. 0-0-0 Be7 10. Rhe1 Qa5 11. Kb1 0-0 12. Bd2 Qc7 13. Ng5 a6 14. f3 b5 15. Be3 Rfc8 16. Qd3 b4 17. Ne2 h6 18. Nh3 Bb5 19. Qd2 d5 20. Ng3 dxe4 21. fxe4 Ng4 22. Bf4 e5 23. Be3 Nxe3 24. Rxe3 Ba4 25. Rc1 Rd8 26. Qe2 Bb5 27. Qg4 g6 28. Nf5 Bf8 29. c4 Bxc4 30. b3 Rd2 31. Rxc4 Qa5 32. a4 bxa3 33. Rc6 Kh7 34. Nxh6 Bxh6 35. Ng5+ Kg7 36. Rec3 Rad8 37. Ne6+ fxe6 0-1

[Event "IECC Swiss-571.3"]
[Site "IECC email"]
[Date "2015.02.03"]
[Round "?"]
[White "Balmelle, Jean Luc"]
[Black "Basson, Heinrich"]
[Result "1/2-1/2"]
[WhiteElo "1553"]
[BlackElo "1700"]
[PlyCount "42"]
[EventDate "2015.??.??"]
[EventType "swiss (corr)"]
[EventRounds "1"]
[SourceTitle "Corr 2020"]
[Source "ChessBase"]
[SourceDate "2019.09.30"]
[SourceVersion "1"]
[SourceVersionDate "2019.09.30"]
[SourceQuality "1"]
[WhiteTeam "France"]
[BlackTeam "South Africa"]
[WhiteTeamCountry "FRA"]
[BlackTeamCountry "RSA"]

1. d4 d5 2. Nf3 Nf6 3. c4 c6 4. Qc2 e6 5. g3 Be7 6. Bg2 0-0 7. 0-0 Nbd7 8. b3 b6 9. Bb2 Bb7 10. Nbd2 Qc7 11. Rac1 Rfe8 12. e4 dxe4 13. Nxe4 c5 14. Nxf6+ Bxf6 15. dxc5 bxc5 16. Rcd1 Bxb2 17. Qxb2 e5 18. Rfe1 Bc6 19. Qc2 e4 20. Nh4 Nf6 21. Nf5 Re5 1/2-1/2

[Event "IECC CL5-2013.04 email"]
[Site "IECC email"]
[Date "2013.06.26"]
[Round "?"]
[White "D'Aragona, Vittoria"]
[Black "Balmelle, Jean Luc"]
[Result "0-1"]
[WhiteElo "1457"]
[BlackElo "1568"]
[PlyCount "90"]
[EventDate "2013.??.??"]
[EventType "tourn (corr)"]
[EventRounds "4"]
[SourceTitle "Telechess CBM 165"]
[Source "ChessBase"]
[SourceDate "2015.03.11"]
[SourceVersion "1"]
[SourceVersionDate "2015.03.11"]
[SourceQuality "1"]

1. e4 d5 2. exd5 Qxd5 3. Nc3 Qd6 4. Nf3 Nf6 5. Bc4 a6 6. 0-0 Bg4 7. h3 Bh5 8. d3 Nc6 9. g4 Bg6 10. g5 Nh5 11. Nh4 0-0-0 12. Nxg6 hxg6 13. Bxf7 e5 14. Qg4+ Kb8 15. Ne4 Qe7 16. Bxg6 Nf4 17. Bxf4 exf4 18. Qxf4 Nd4 19. Qf7 Nxc2 20. Rad1 Qe5 21. Bf5 Bd6 22. Nxd6 Qxd6 23. Rc1 Nd4 24. Bg4 Rdf8 25. Qxg7 Rhg8 26. Qxc7+ Qxc7 27. Rxc7 Kxc7 28. f4 Kd6 29. h4 Ne6 30. Bxe6 Kxe6 31. h5 Kf5 32. Kg2 Kg4 33. h6 Rh8 34. Rh1 Rc8 35. Rf1 Rc2+ 36. Kh1 Rxb2 37. a4 Ra2 38. d4 Rd2 39. d5 Rxd5 40. Kg1 Rd3 41. Rf2 Rd4 42. g6 Rxh6 43. g7 Rd1+ 44. Kg2 Rg6 45. g8Q Rxg8 0-1